| 000 | 00379cam a2200157ua 4500 | ||
|---|---|---|---|
| 041 |
_ahin _h |
||
| 082 |
_a891.54 _bRAM/RA |
||
| 100 | _aRamratan Bhatnagar, . | ||
| 245 |
_aRahasyavad / _cRamratan bhatnagar. _hTextual Documents |
||
| 250 |
_a2 / _b. |
||
| 260 |
_aAllahabad : _bKitab Mahal , _c1951. |
||
| 300 | _a252 ; . | ||
| 504 | _a | ||
| 942 | _cBK | ||
| 999 |
_c6456 _d6456 |
||